Counties of Ireland - Statistics

General Stats
  • This quiz has been taken 18 times
    13 since last reset
  • The average score is 25 of 32
Answer Stats
Hint Answer % Correct
M Cork
91%
U Derry
91%
L Dublin
91%
U Antrim
82%
U Armagh
82%
L Carlow
82%
M Clare
82%
U Donegal
82%
U Down
82%
M Kerry
82%
L Kilkenny
82%
L Laois
82%
C Leitrim
82%
L Louth
82%
L Meath
82%
C Sligo
82%
M Tipperary
82%
M Waterford
82%
U Cavan
73%
U Fermanagh
73%
C Galway
73%
L Kildare
73%
M Limerick
73%
C Mayo
73%
U Monaghan
73%
L Offaly
73%
C Roscommon
73%
U Tyrone
73%
L Westmeath
73%
L Wexford
73%
L Wicklow
73%
L Longford
64%
No matching quizzes found
Score Distribution
Percent of People with Each Score
Percentile by Number Answered
Your Score History
You have not taken this quiz since the last reset